Differential equations and boundary value problem; computing and modeling (Record no. 142293)

MARC details
000 -LEADER
fixed length control field 00428nam a2200157Ia 4500
008 - FIXED-LENGTH DATA ELEMENTS--GENERAL INFORMATION
fixed length control field 230917s9999||||xx |||||||||||||| ||und||
040 ## - CATALOGING SOURCE
-- 115428
Original cataloging agency VIVEKANANDA LIBRARY
041 ## - Language
-- English
082 ## - DDC NUMBER
Classification number 515.35 F95D
100 ## - MAIN ENTRY--PERSONAL NAME
Personal name Penney , Edwards
245 #0 - TITLE STATEMENT
Title Differential equations and boundary value problem; computing and modeling
250 ## - EDITION STATEMENT
Edition statement 3rd ed.
260 ## - PUBLICATION, DISTRIBUTION, ETC. (IMPRINT)
Place of publication, distribution, etc Delhi
Name of publisher, distributor, etc Pearson education
Date of publication, distribution, etc 2005
300 ## - PHYSICAL DESCRIPTION
Pages 801p p.
942 ## - ADDED ENTRY ELEMENTS (KOHA)
Koha item type Books
Holdings
Withdrawn status Lost status Damaged status Not for loan Location (home branch) Sublocation or collection (holding branch) Date acquired Koha issues (times borrowed) Koha full call number Accession No. Koha date last seen Koha item type
        VIVEKANANDA LIBRARY VIVEKANANDA LIBRARY 07/05/2008   515.35 F95D 251753 17/09/2023 Books
© Designed and Maintained by Vivekananda Library, MDU Rohtak